000 00454nam a2200169Ia 4500
005 20250326123506.0
008 250326s9999 xx 000 0 und d
037 _aTextbook
040 _aFMSL
_beng
_cFMSL
041 _aeng
_2eng
084 _aX:74.1 P4
_qFMSL
100 _aShenkar O
245 0 _aInternational business
_cShenkar O; Luo Y
260 _aNY
_bNY, John Wiley
_c2004
942 _cTB
_hX:74.1 P4
999 _c1269592
_d1269592